Регионална библиотека "Любен Каравелов" - Русе

Кижи (Запис номер 388463)

MARC детайли
000 -Лидер
Контролно поле с фиксирана дължина nkm a22 7a 4500
003 - Код на организацията, давaща контролен номер
Контролно поле BLK
005 - Дата и час на последна редакция
Контролно поле 20200924154739.0
008 - Елементи от данни с фиксирана дължина
fixed length control field 200924b bu ||||| |||| 00| 0 bu d
040 ## - Източник на каталожния запис
Идентификатор на билиотеката - собственик на записа BLK
041 ## - Код за език
Код за езика на текст/звукозапис или на отделно заглавие Български
Код за езика КДБФ Български
080 ## - УДК
Текстов определител УДК Архитектура
УДК код - определител по УДК 72
УДК - код + определител 72
100 ## - Редна дума - Автор
R(LIN) 407
Автор Гнедовский, Б.
Авторска отговорност авт. текста и состав.
139 ## - Редно поле
Редна дума Гнедовский, Б.
Авторски знак Гн - Г 57
245 ## - Сведения за заглавието
Заглавие Кижи
Редно поле (дума) авт. текста и состав. Б. Гнедовский;
247 ## - Предишно основно заглавие
Заглавие Kizhi
257 ## - Страна на издаване
Страна на създаване/издаване България
260 ## - Област на издателските данни
9 (RLIN) 393459
Място на издаване, разпространение и проч. Москва
Име на издателя, разпространителя и проч. Советская Россия
Година на издаване 1985
300 ## - Физическа характеристика
Страници 96 с.
Размери/Мащаб 24 см
380 ## - Жанр
Жанр Изкуство
653 #7 - Ключова дума – ненормативна
9 (RLIN) 181364
Ключова дума архитектура
852 ## - Местоположение
Форматна сигнатура Цб 301894
999 ## - СИСТЕМНИ КОНТРОЛНИ НОМЕРА
Koha biblionumber 388463
Koha biblioitemnumber 388463
942 ## - АРТИКУЛИ
Вид на библиотечния материал Графични издания
Скрит в OPAC Не
Периодичен библиозапис Да
944 ## - СЪЗДАВАНЕ И РЕДАКЦИЯ на ЗАПИСА
Създаване/Редакция Създаване
Дата на регистрацията/редакция 2020-09-24
Служител, извършил регистрацията/редакцията Мартин Енчев
Наличности
Код за отписване Код за изгубен артикул Източник на класификационната схема Код за повреда Коз за рестрикции Код за отдаване Артикулен № Име на библиотеката - собственик Име на библиотеката, в която се намира в момента Статус (Текущо местоположение) Дата на вписване в системата Местоположение - отдел Цена в лева Инвентарен номер Систематично азбучна сигнатура Баркод Цена в евро Служебен тип на артикула
  Не е изгубен Universal Decimal Classification Не е повреден само за читалня ползва се в читалня 801108 Регионална библиотека "Любен Каравелов" Русе Регионална библиотека "Любен Каравелов" Русе Хранилище 2020-09-28 Основен фонд - ползва се само за читалня 2.24 445114 Цб 301894 120000445114 1.15 Графични издания
Vip Innovations Ltd, Rousse, Bulgaria 2025